LEADER 01326nam a2200301 u 4500 001 000000079227 003 CaOOAMICUS 005 20070226123521.0 008 040527s2004 it u000 u ita u 020 $a8882946517 035 $a10997148 040 $aPUL$bita 100 1 $aMaglia, Stefano.$0(OLS)http://pul/name/52769 245 13$aIl codice dell'ambiente :$billustrato con il commento, la giurisprudenza ed il formulario /$cStefano Maglia, Maurizio Santoloci. 250 $a15.ed. 260 $aPiacenza :$bLa Tribuna,$c2004. 300 $a2416 p. ;$c20 cm 490 1 $aAmbiente e salute 500 $aContiene Cd-Rom (windows) 650 4$aLegislazione sociale.$0(OLS)http://pul/subject/18096 700 1 $aSantoloci, Maurizio.$0(OLS)http://pul/name/52770 830 0$aAmbiente e salute.$0(OLS)http://pul/title/103724 850 $aPUL 852 $aPUL$W1$xDP2 Diritto e Scienze Sociali 2$y100$mUtrCiv E 55$j101430$nBK-PRI$qStampati Altre Collocazioni$B101430$CPULBib$Z2$F101430 $H94261 $82 941 1 $a10 996 $6020$a8882946517$9(OLS)http://pul/number/104049 996 $6245$aIl codice dell'ambiente :$billustrato con il commento, la giurisprudenza ed il formulario$9(OLS)http://pul/title/103723 996 $6260$aPiacenza :$bLa Tribuna$9(OLS)http://pul/publisher/69734 LEADER 01655nam a2200325 a 4500 001 000000163802 003 CaOOAMICUS 005 20171026182710.0 008 171026s1986 it m u000 udspa r 032 $aLibriCat 040 $aPUL$bita 100 1 $aCanals Pujol, Juan.$0(OLS)http://pul/name/105237 245 03$aLa amistad en las diversas edicciones de la vida de Comollo escrita por san Juan Bosco :$bestudio diacrónico y edición del manuscrito de 1839 / $cJuan Canals Pujol . 260 $aRoma :$b[s.n.],$c1986. 300 $a62 p. ; $c24 cm. 502 $aEstratto di Tesi. Università Pontificia Salesiana. Facoltà di Teologia.1986. 504 $aBibliografia in nota a piè pagina. 600 04$aAloysius Guanella,$cs.,$d1842-1915.$0(OLS)http://pul/subject/40557 600 04$aIohannes Bosco,$cs.,$d1815-1888.$0(OLS)http://pul/subject/9970 710 2 $aPontificia Università Salesiana.$bFacoltà di teologia.$kTesi.$0(OLS)http://pul/name/12417 850 $aPUL 852 $aPUL$W1$xDP1 Tesi Pon. Univ. Salesiana$y46$mTH SAL 221$j187936$qTesi$B191055$CPULBib$Z2$F191055 $H58760 $82 941 1 $a16 960 $aGuanella, Luigi,$cs.,$d1842-1915$940557 960 $aLuigi Guanella,$cs.,$d1842-1915$940557 960 $aGiovanni Bosco,$cs.,$d1815-1888$99970 960 $aBosco, Giovanni,$cs.,$d1815-1888$99970 996 $6245$aLa amistad en las diversas edicciones de la vida de Comollo escrita por san Juan Bosco :$bestudio diacrónico y edición del manuscrito de 1839 / $9(OLS)http://pul/title/203506 996 $6260$aRoma :$b[s.n.]$9(OLS)http://pul/publisher/47958